Maciunas' learning machines (Registro nro. 321850)

Detalles MARC
000 -ENCABEZADO
Número de control [NR] 00938nam a2200241 4500
005 - FECHA Y HORA DE LA ÚLTIMA TRANSACCIÓN
control field 20221109114423.0
008 - DE LONGITUD FIJA DE DATOS DE ELEMENTOS - INFORMACIÓN GENERAL
Elementos de longitud fija [NR] 221109s2011 nyua|||gr|||| 00| 0 eng d
020 ## - NUMERO INTERNACIONAL NORMALIZADO PARA LIBROS [R]
Número Internacional Normalizado del libro [NR] 9783709104798
040 ## - FUENTE DE CATALOGACION [NR]
Agencia de catalogación original [NR] CO-BoUCM
Idioma de catalogación [NR] spa
Quien Cataloga Deissy Garcia
Quien Clasifica Deissy Garcia
041 0# - CODIGO DE IDIOMA [R]
Código de idioma para texto/pista de sonido o título separado [R] Inglés
100 1# - ASIENTO PRINCIPAL--NOMBRE PERSONAL [NR]
ID Autoridad 176138
Nombre personal [NR] Schmidt-Burkhardt, Astrit
245 10 - MENCION DE TITULO [NR]
Título [NR] Maciunas' learning machines
Parte restante del título [NR] from art history to a chronology of Fluxus
Mención de responsabilidad, etc. [NR] Astrit Schmidt-Burkhardt
250 ## - MENCION DE EDICION [NR]
Mención de edición [NR] 2a.Ed.
260 ## - PUBLICACION, DISTRIBUCION, ETC. (PIE DE IMPRENTA) [R]
Lugar de publicación, distribución, etc. [R] Nueva York
Nombre del editor, distribuidor, etc. [R] SpringerWienNewYork
Fecha de publicación, distribución, etc. [R] 2011
300 ## - DESCRIPCION FISICA [R]
Extensión [R] 215 páginas
Otros detalles físicos [NR] ilustraciones
504 ## - NOTA DE BIBLIOGRAFIA, ETC. [R]
Nota de bibliografía, etc. [NR] Incluye referencias bibliográficas
600 10 - ASIENTO SECUNDARIO DE MATERIA - NOMBRE PERSONAL [R]
Nombre personal [NR] Maciunas, George, |d
Fechas asociadas con el nombre [NR] 1931-1978
Subdivisión general [R] Crítica e interpretación
9 (RLIN) 176139
650 ## - ASIENTO SECUNDARIO DE MATERIA - TERMINO TEMATICO [R]
Término temático o nombre geográfico como elemento de entrada [NR] Fluxus (Grupo de artistas)
9 (RLIN) 176140
650 ## - ASIENTO SECUNDARIO DE MATERIA - TERMINO TEMATICO [R]
Término temático o nombre geográfico como elemento de entrada [NR] Fluxus (Movimiento artístico)
Subdivisión general [R] Historia y crítica
9 (RLIN) 176141
650 #7 - ASIENTO SECUNDARIO DE MATERIA - TERMINO TEMATICO [R]
9 (RLIN) 9461
Término temático o nombre geográfico como elemento de entrada [NR] Arte conceptual
942 ## - ELEMENTOS DE ENTRADA AGREGADOS (KOHA)
Sistema de clasificación DEWEY
Tipo de ítem principal el descrito en 300a Libro
Tema principal Arte
Edición 2
Clasificación 709.2
Parte restante de la signatura top. S349m
Título oculto en OPAC No
Existencias
Signatura topográfica Código de barras Última vez visto Volúmen / Fascículo Ejemplar Costo de reposición Price effective from Tipo de ítem Perdido Sistema de clasificación Dañado No prestable Tipo de ítem específico Suprimido Ubicación habitual Ubicación actual Localización Fecha de creación Forma de adquisición Costo
709.2 S349m 100170940 10/12/2025 2a.Ed. Folleto 1 Ej.1 358020.00 09/11/2022 Libro   DEWEY     Folleto   Claustro Claustro 2do piso 09/11/2022 Compra 0.00
709.2 S349m 100170941 10/12/2025 2a.Ed. Folleto 2 Ej.1 358020.00 09/11/2022 Libro   DEWEY     Folleto   Claustro Claustro 2do piso 09/11/2022 Compra 0.00
709.2 S349m 100170939 10/12/2025 2a.Ed. Ej.1 358020.00 09/11/2022 Libro   DEWEY     Libro   Sede del emprendimiento y la innovación Sede del Emprendimiento, Innovación y Creación Vitrina de exhibición 09/11/2022 Compra 358020.00